004610000a22001210004500090001700000245011500017041001400132700002600146100003600172942001300208773010100221999001700322 aASbSeriadas10aRenacuajos colombianos de Sphaenorhynchus (Hylidae) : descripciones, anotaciones sistemáticas y ecológicas0 aEspañol1 aLynch, John D.9929071 aSuárez Mayorga, Angela999828 cARTICULO1 tRevista de Academia Colombiana de Ciencias Exactas, Físicas y Naturalesh96q411-419d2001g25 c15562d15562